Top 100 Most Popular Songs (2010–2020) - Statistics

General Stats
  • This quiz has been taken 275 times
  • The average score is 42 of 100
Answer Stats
Rank Songs Artist % Correct
2 Shape of You Ed Sheeran
87%
1 Blinding Lights The Weeknd
83%
10 Happy Pharrell Williams
83%
8 Old Town Road Lil Nas X
78%
4 Despacito Luis Fonsi ft. Daddy Yankee
77%
11 Call Me Maybe Carly Rae Jepsen
74%
3 Uptown Funk Mark Ronson ft. Bruno Mars
70%
14 Tik Tok Kesha
69%
46 Bad Guy Billie Eilish
68%
9 Closer The Chainsmokers ft. Halsey
66%
24 See You Again Wiz Khalifa ft. Charlie Puth
64%
90 Dance Monkey Tones and I
61%
28 Havana Camila Cabello ft. Young Thug
61%
5 Rolling in the Deep Adele
61%
23 Perfect Ed Sheeran
60%
92 Chandelier Sia
59%
20 Roar Katy Perry
59%
69 All of Me John Legend
58%
19 Shake It Off Taylor Swift
57%
51 Timber Pitbull ft. Ke$ha
57%
36 Take Me to Church Hozier
56%
41 Watermelon Sugar Harry Styles
56%
18 Sorry Justin Bieber
55%
38 Believer Imagine Dragons
54%
13 Love the Way You Lie Eminem ft. Rihanna
54%
39 Senorita Shawn Mendes & Camila Cabello
54%
21 Sunflower Post Malone & Swae Lee
54%
32 Counting Stars OneRepublic
53%
16 Firework Katy Perry
52%
88 7 Rings Ariana Grande
51%
70 Grenade Bruno Mars
51%
30 Royals Lorde
50%
45 Shallow Lady Gaga & Bradley Cooper
50%
48 Thrift Shop Macklemore & Ryan Lewis ft. Wanz
49%
33 Wake Me Up Avicii
49%
49 Can’t Hold Us Macklemore & Ryan Lewis ft. Ray Dalton
48%
12 Party Rock Anthem LMFAO
48%
66 Girls Like You Maroon 5 ft. Cardi B
47%
22 God’s Plan Drake
47%
59 One Dance Drake ft. Wizkid and Kyla
47%
15 Bad Romance Lady Gaga
46%
85 Bang Bang Jessie J, Ariana Grande & Nicki Minaj
46%
52 Dark Horse Katy Perry ft. Juicy J
46%
54 HUMBLE. Kendrick Lamar
46%
80 Pompeii Bastille
46%
61 Rude MAGIC!
46%
78 Stressed Out Twenty One Pilots
46%
81 Somebody That I Used to Know Gotye ft. Kimbra
45%
6 Someone Like You Adele
44%
37 Radioactive Imagine Dragons
43%
43 The Box Roddy Ricch
42%
53 Starboy The Weeknd ft. Daft Punk
41%
26 Cheap Thrills Sia ft. Sean Paul
40%
25 Lean On Major Lazer & DJ Snake ft. MØ
40%
42 Circles Post Malone
39%
29 Rockstar Post Malone ft. 21 Savage
39%
96 Dynamite Taio Cruz
38%
58 Hotline Bling Drake
38%
62 Let Her Go Passenger
38%
35 Titanium David Guetta ft. Sia
38%
93 On the Floor Jennifer Lopez ft. Pitbull
37%
67 Sugar Maroon 5
37%
50 Blurred Lines Robin Thicke ft. Pharrell and T.I.
36%
68 Moves Like Jagger Maroon 5 ft. Christina Aguilera
36%
71 Just the Way You Are Bruno Mars
35%
77 Animals Martin Garrix
34%
7 Thinking Out Loud Ed Sheeran
34%
27 Can’t Stop the Feeling Justin Timberlake
33%
98 Airplanes B.o.B ft. Hayley Williams
32%
95 I Gotta Feeling Black Eyed Peas
32%
72 Locked Out of Heaven Bruno Mars
32%
74 The Lazy Song Bruno Mars
31%
17 We Found Love Rihanna ft. Calvin Harris
31%
56 Sicko Mode Travis Scott
30%
79 Heathens Twenty One Pilots
29%
97 Hey Soul Sister Train
29%
87 Thank U, Next Ariana Grande
29%
86 Problem Ariana Grande ft. Iggy Azalea
28%
31 Stay With Me Sam Smith
28%
73 That’s What I Like Bruno Mars
27%
82 We Are Young fun. ft. Janelle Monae
27%
83 Stereo Hearts Gym Class Heroes ft. Adam Levine
26%
63 A Sky Full of Stars Coldplay
25%
75 Let Me Love You DJ Snake ft. Justin Bieber
25%
44 Savage Love Jawsh 685 & Jason Derulo
24%
34 Levels Avicii
22%
57 Mask Off Future
21%
40 Don’t Start Now Dua Lipa
20%
65 Paradise Coldplay
20%
84 Price Tag Jessie J ft. B.o.B
20%
94 Give Me Everything Pitbull ft. Ne-Yo, Afrojack and Nayer
19%
76 Turn Down for What DJ Snake & Lil Jon
18%
64 Adventure of a Lifetime Coldplay
17%
55 Alright Kendrick Lamar
14%
99 OMG Usher ft. will.i.am
14%
100 Chantaje Shakira ft. Maluma
12%
91 Elastic Heart Sia
12%
89 No Tears Left to Cry Ariana Grande
12%
47 Everything I Wanted Billie Eilish
7%
60 Best I Ever Had Drake
2%
No matching quizzes found
Score Distribution
Percent of People with Each Score
Percentile by Number Answered
Your Score History
You have not taken this quiz